Chemistry in context: Applying chemistry to society (Record no. 1214427)

MARC details
000 -LEADER
fixed length control field 02318nam a2200349Ia 4500
003 - CONTROL NUMBER IDENTIFIER
control field OSt
005 - DATE AND TIME OF LATEST TRANSACTION
control field 20221007124941.0
008 - FIXED-LENGTH DATA ELEMENTS--GENERAL INFORMATION
fixed length control field 221006b |||||||| |||| 00| 0 eng d
020 ## - INTERNATIONAL STANDARD BOOK NUMBER
International Standard Book Number 9781259921766 (pbk)
037 ## - SOURCE OF ACQUISITION
Terms of availability Textual
040 ## - CATALOGING SOURCE
Original cataloging agency CDL
Transcribing agency CDL
Language of cataloging eng
041 ## - LANGUAGE CODE
Source of code eng
Language code of text/sound track or separate title eng
100 ## - MAIN ENTRY--PERSONAL NAME
Personal name ACS
9 (RLIN) 721111
110 ## - MAIN ENTRY--CORPORATE NAME
Corporate name or jurisdiction name as entry element A project of the american chemical society. Chemistry of life. Fahlman(Bradley D) (Central Michigan University); A project of the american chemical society. PurvisRoberts(Kathleen L) (Claremont McKenna, Pitzer, and Scripps Colleges); A project of the american chemical society. Kirk(John S) (Carthage College); A project of the american chemical society. Bentley(AnneK) (Lewis & Clark College); A project of the american chemical society. Daubenmire(Patrick L) (Loyola University Chicago); A project of the american chemical society. Ellis(Jamie P) (Ithaca College); A project of the american chemical society. Mury(Michael T) (All Saints Academy)
9 (RLIN) 721112
245 #0 - TITLE STATEMENT
Title Chemistry in context: Applying chemistry to society
250 ## - EDITION STATEMENT
Edition statement 9
260 ## - PUBLICATION, DISTRIBUTION, ETC.
Place of publication, distribution, etc. New
Name of publisher, distributor, etc. York American Chemical Society
Date of publication, distribution, etc. 2018
300 ## - PHYSICAL DESCRIPTION
Extent xvii, 590p. ill.
Dimensions cm.
500 ## - GENERAL NOTE
General note Appendix A-1-84p.; Glossary G-1-8p.; Index I-1-19p.
650 ## - SUBJECT ADDED ENTRY--TOPICAL TERM
Topical term or geographic name entry element Climate change
650 ## - SUBJECT ADDED ENTRY--TOPICAL TERM
Topical term or geographic name entry element Energy storage
9 (RLIN) 721113
650 ## - SUBJECT ADDED ENTRY--TOPICAL TERM
Topical term or geographic name entry element Genes and life
9 (RLIN) 721114
650 ## - SUBJECT ADDED ENTRY--TOPICAL TERM
Topical term or geographic name entry element Nutrition
9 (RLIN) 423166
650 ## - SUBJECT ADDED ENTRY--TOPICAL TERM
Topical term or geographic name entry element Chemistry
700 ## - ADDED ENTRY--PERSONAL NAME
Personal name A project of the american chemical society. Chemistry of life. Fahlman(Bradley D) (Central Michigan University); A project of the american chemical society. PurvisRoberts(Kathleen L) (Claremont McKenna, Pitzer, and Scripps Colleges); A project of the american chemical society. Kirk(John S) (Carthage College); A project of the american chemical society. Bentley(AnneK) (Lewis & Clark College); A project of the american chemical society. Daubenmire(Patrick L) (Loyola University Chicago); A project of the american chemical society. Ellis(Jamie P) (Ithaca College); A project of the american chemical society. Mury(Michael T) (All Saints Academy)
9 (RLIN) 721115
942 ## - ADDED ENTRY ELEMENTS (KOHA)
Classification part E, Q8 Carc
Koha item type Textual
Source of classification or shelving scheme Colon Classification (CC)
Holdings
Withdrawn status Lost status Source of classification or shelving scheme Damaged status Not for loan Home library Current library Date acquired Source of acquisition Total Checkouts Full call number Barcode Date last seen Price effective from Koha item type Public note
    Colon Classification (CC)     Department of Chemistry Library Department of Chemistry Library 2022-10-07 9513, 19/12/2019, Puja Books   E Q8 Carc CD0009386 2022-10-07 2022-10-07 Textual International student edition.
Copyright @ Delhi University Library System